[Event "FRA-chT2 West 0607"]
[Site "France"]
[Date "2007.03.31"]
[Round "10.8"]
[White "Meaudre, Flora"]
[Black "Desnoes, Anne Laure"]
[Result "1-0"]
[WhiteElo "1911"]
[BlackElo "1610"]
[PlyCount "121"]
[EventDate "2006.10.15"]
[EventType "team"]
[EventRounds "11"]
[EventCountry "FRA"]
[SourceTitle "EXT 2008"]
[Source "ChessBase"]
[SourceDate "2007.11.25"]
[SourceVersion "1"]
[SourceVersionDate "2007.11.25"]
[SourceQuality "1"]
[WhiteTeam "Rueil Malmaison"]
[BlackTeam "Sautron"]
[WhiteTeamCountry "FRA"]
[BlackTeamCountry "FRA"]

1. e4 e5 2. Nf3 Nc6 3. d4 exd4 4. Bc4 h6 5. Nxd4 Bc5 6. Be3 Qf6 7. c3 Nge7 8. 0-0 0-0 9. Qd2 Ne5 10. Be2 d6 11. Nb5 Qg6 12. Kh1 Qxe4 13. Bxc5 dxc5 14. Nxc7 Rb8 15. Na3 a6 16. Rad1 Nf5 17. Nd5 Nh4 18. f3 Qh7 19. Ne7+ Kh8 20. Qd6 Nd7 21. Nxc8 Rbxc8 22. Qxd7 Qg6 23. Qg4 Qf6 24. Bd3 Rcd8 25. Qe4 Ng6 26. Qxb7 Nf4 27. Qe4 g6 28. g3 Nd5 29. Nc4 Rfe8 30. Qh4 Qc6 31. Qxh6+ Kg8 32. Be4 Qe6 33. Rfe1 Nb6 34. Rxd8 Rxd8 35. Nxb6 Qxb6 36. b3 a5 37. Qe3 Re8 38. Rd1 f5 39. Bd5+ Kf8 40. Qh6+ Ke7 41. Re1+ Kd8 42. Rxe8+ Kxe8 43. Qh8+ Kd7 44. Qg7+ Kc8 45. Qf8+ Kc7 46. Qe7+ Kb8 47. Qe8+ Kc7 48. Qe7+ Kb8 49. Qb7+ Qxb7 50. Bxb7 Kxb7 51. g4 fxg4 52. fxg4 Kc6 53. h4 Kd6 54. h5 gxh5 55. gxh5 Ke6 56. h6 Kf7 57. Kg2 Kg6 58. h7 Kxh7 59. Kf3 Kg6 60. Ke4 Kf6 61. Kd5 1-0

[Event "FRA-chT2 West 0607"]
[Site "France"]
[Date "2007.01.20"]
[Round "5.8"]
[White "Cheype, Marie"]
[Black "Desnoes, Anne Laure"]
[Result "1-0"]
[WhiteElo "1857"]
[BlackElo "1610"]
[PlyCount "69"]
[EventDate "2006.10.15"]
[EventType "team"]
[EventRounds "11"]
[EventCountry "FRA"]
[SourceTitle "EXT 2008"]
[Source "ChessBase"]
[SourceDate "2007.11.25"]
[SourceVersion "1"]
[SourceVersionDate "2007.11.25"]
[SourceQuality "1"]
[WhiteTeam "Agneaux Saint Lo"]
[BlackTeam "Sautron"]
[WhiteTeamCountry "FRA"]
[BlackTeamCountry "FRA"]

1. e4 e5 2. Nf3 Nc6 3. Bb5 a6 4. Bxc6 bxc6 5. 0-0 d6 6. d4 exd4 7. Nxd4 Bb7 8. Nc3 Be7 9. Qf3 Qd7 10. Be3 Nf6 11. Nf5 Rg8 12. Rad1 0-0-0 13. Bg5 Qe8 14. Nxg7 Rxg7 15. Bxf6 Bxf6 16. Qxf6 Rg6 17. Qh4 Qe5 18. Rd3 Rdg8 19. Rg3 Rxg3 20. fxg3 Qd4+ 21. Rf2 Qg7 22. Qf6 Qxf6 23. Rxf6 Rg7 24. Kf2 Kd7 25. Ke3 Ke7 26. Rf4 Ke6 27. g4 Bc8 28. Ne2 Bd7 29. h3 Ke5 30. Ng3 d5 31. exd5 cxd5 32. Nh5 Rg8 33. Rxf7 d4+ 34. Kd2 Kd6 35. Rxd7+ 1-0

[Event "FRA-chT2A 0506"]
[Site "France"]
[Date "2006.03.12"]
[Round "9.9"]
[White "Fortuit, Emilie"]
[Black "Desnoes, Anne Laure"]
[Result "1-0"]
[WhiteElo "1930"]
[BlackElo "1580"]
[PlyCount "95"]
[EventDate "2005.10.27"]
[EventType "team-tourn"]
[EventRounds "11"]
[EventCountry "FRA"]
[SourceTitle "EXT 2006"]
[Source "ChessBase"]
[SourceDate "2005.11.24"]
[SourceVersion "1"]
[SourceVersionDate "2005.11.24"]
[SourceQuality "1"]
[WhiteTeam "Evry III"]
[BlackTeam "Sautron"]
[WhiteTeamCountry "FRA"]
[BlackTeamCountry "FRA"]

1. b3 e5 2. Bb2 Nc6 3. c4 Bc5 4. e3 Nf6 5. Nc3 d6 6. Na4 Bb6 7. Nxb6 cxb6 8. a3 Bf5 9. Nf3 0-0 10. d4 exd4 11. Nxd4 Qd7 12. Nxf5 Qxf5 13. Bd3 Qe6 14. 0-0 Ne5 15. Be2 Rad8 16. Rc1 Ne4 17. f4 Nc6 18. f5 Qh6 19. Rf4 Rfe8 20. Bf3 Nf6 21. Bxf6 Qxf6 22. Qd2 Re7 23. Bd5 Rde8 24. e4 Ne5 25. Rc3 Nd7 26. b4 a6 27. Rh3 h6 28. Rg4 Kf8 29. Rgh4 Re5 30. g4 b5 31. g5 Qxg5+ 32. Qxg5 hxg5 33. Rh8+ Ke7 34. Rxe8+ Kxe8 35. cxb5 axb5 36. Bxb7 Nb6 37. Rh7 Kf8 38. Rh8+ Ke7 39. Bc6 Kf6 40. Kf2 Nc4 41. Rd8 Ke7 42. Rd7+ Kf6 43. Bd5 Re7 44. Rxe7 Kxe7 45. Bxc4 bxc4 46. Ke3 c3 47. Kd3 Kf6 48. Kxc3 1-0

[Event "FRA-chT2A 0506"]
[Site "France"]
[Date "2006.01.14"]
[Round "5.9"]
[White "Marchais, Aurelie"]
[Black "Desnoes, Anne Laure"]
[Result "1/2-1/2"]
[WhiteElo "1770"]
[BlackElo "1580"]
[PlyCount "132"]
[EventDate "2005.10.27"]
[EventType "team-tourn"]
[EventRounds "11"]
[EventCountry "FRA"]
[SourceTitle "EXT 2006"]
[Source "ChessBase"]
[SourceDate "2005.11.24"]
[SourceVersion "1"]
[SourceVersionDate "2005.11.24"]
[SourceQuality "1"]
[WhiteTeam "Niort"]
[BlackTeam "Sautron"]
[WhiteTeamCountry "FRA"]
[BlackTeamCountry "FRA"]

1. e4 e5 2. Nc3 Nf6 3. g3 Bc5 4. Bg2 0-0 5. Nge2 Nc6 6. 0-0 d6 7. h3 Be6 8. Na4 Bb6 9. Nxb6 axb6 10. d4 Bc4 11. d5 Nd4 12. Re1 Bxe2 13. Rxe2 Nxe2+ 14. Qxe2 h6 15. a3 Re8 16. Be3 Rc8 17. Rd1 c6 18. dxc6 bxc6 19. f4 exf4 20. Bxf4 Nd5 21. Bc1 Qf6 22. Qd3 Ne7 23. Qxd6 Rcd8 24. Qxd8 Rxd8 25. Rxd8+ Kh7 26. Rd7 Ng6 27. Be3 c5 28. c3 Qe6 29. Rd5 Ne5 30. Bf4 Nc4 31. e5 g5 32. Bc1 Nxe5 33. Rd1 Nc4 34. Bd5 Qe2 35. Rf1 Nd6 36. b4 cxb4 37. cxb4 Qd3 38. Ba2 Qxg3+ 39. Kh1 Qxh3+ 40. Kg1 Nf5 41. Bb1 Qg4+ 42. Kh1 Qh4+ 43. Kg1 Qd4+ 44. Kh2 Qd6+ 45. Kg1 Qd4+ 46. Kh2 Qh4+ 47. Kg1 Qd4+ 48. Kh2 Kg8 49. Bxf5 Qd6+ 50. Kg2 Qd5+ 51. Kg3 Qc4 52. Kf2 Qd4+ 53. Kg2 Qd5+ 54. Kg1 Qd4+ 55. Rf2 Qd1+ 56. Rf1 Qd4+ 57. Rf2 Qe5 58. Bb2 Qg3+ 59. Kf1 Qd6 60. Ke1 Qc6 61. Re2 Qh1+ 62. Kd2 Qd5+ 63. Bd3 Qd8 64. Rf2 Qd7 65. Rf6 Qh3 66. Kc2 Qh2+ 1/2-1/2